Sports Quiz

Random Sports or World Quiz

2012 cycling calendar Quiz Stats

 Plays Quiz not verified by Sporcle

Challenge
Share
Tweet
Embed
Score 0/29 Timer 10:00
0 Plays Today
Dates Event % Correct
30.06.2012 - 22.07.2012Tour de France
94.4%
05.05.2012 - 27.05.2012Giro d'Italia
87%
17.01.2012 - 22.01.2012Tour Down Under
77.8%
04.03.2012 - 11.03.2012Paris - Nice
75.9%
08.04.2012 - 08.04.2012Paris - Roubaix
68.5%
18.08.2012 - 09.09.2012La Vuelta a España
66.7%
01.04.2012 - 01.04.2012Ronde van Vlaanderen/Tour des Flandres
53.7%
15.04.2012 - 15.04.2012Amstel Gold Race
53.7%
22.04.2012 - 22.04.2012Liège - Bastogne - Liège
51.9%
24.04.2012 - 29.04.2012Tour de Romandie
51.9%
07.03.2012 - 13.03.2012Tirreno-Adriatico
50%
09.06.2012 - 17.06.2012Tour de Suisse
46.3%
10.07.2012 - 16.07.2012Tour de Pologne
42.6%
17.03.2012 - 17.03.2012Milano-Sanremo
40.7%
25.03.2012 - 25.03.2012Gent - Wevelgem
40.7%
Dates Event % Correct
06.08.2012 - 12.08.2012Eneco Tour
38.9%
09.10.2012 - 13.10.2012Tour of Beijing
35.2%
19.08.2012 - 19.08.2012Vattenfall Cyclassics
22.2%
03.06.2012 - 10.06.2012Critérium du Dauphiné
20.4%
29.09.2012 - 29.09.2012Il Lombardia
18.5%
17.10.2012 - 21.10.2012 Tour of Hangzhou
14.8%
26.08.2012 - 26.08.2012GP Ouest France - Plouay
13%
19.03.2012 - 25.03.2012Volta Ciclista a Catalunya
11.1%
02.04.2012 - 07.04.2012Vuelta Ciclista al Pais Vasco
7.4%
14.08.2012 - 14.08.2012Clasica Ciclista San Sebastian
7.4%
23.03.2012 - 23.03.2012E3 Prijs Vlaanderen - Harelbeke
3.7%
18.04.2012 - 18.04.2012La Flèche Wallonne
3.7%
07.09.2012 - 07.09.2012Grand Prix Cycliste de Québec
3.7%
09.09.2012 - 09.09.2012Grand Prix Cycliste de Montréal
1.9%

You're not logged in!

Compare scores with friends on all Sporcle quizzes.
Join for Free
OR
Log In

You Might Also Like...

Show Comments

Extras

Top Quizzes Today


Score Distribution

Your Account Isn't Verified!

In order to create a playlist on Sporcle, you need to verify the email address you used during registration. Go to your Sporcle Settings to finish the process.

Report this User

Report this user for behavior that violates our Community Guidelines.

Details: